[Event "It \"]
[Site "Amsterdam (Netherlands)"]
[Round "0"]
[White "Lutikov Anatoly S (RUS)"]
[Black "Van Geet Dirk Daniel (NED)"]
[Result "1/2-1/2"]
[WhiteElo "2515"]
[BlackElo "2278"]

1.d4 Nf6 2.c4 b6 3.Nc3 Bb7 4.f3 d5 5.cxd5 Nxd5 6.e4 Nxc3 7.bxc3 e5 8.Qa4+ Qd7
9.Qxd7+ Nxd7 10.Rb1 Be7 11.Be3 O-O {#d} 1/2-1/2

[Event "Ch Netherlands"]
[Site "Leeuwarden (Netherlands)"]
[Round "11"]
[White "Van Baarle C John (NED)"]
[Black "Jongsma Alexander (NED)"]
[Result "1/2-1/2"]
[WhiteElo "2212"]
[BlackElo "2215"]

1.d4 Nf6 2.c4 Nc6 3.Nf3 e6 4.Nc3 Bb4 5.e3 O-O 6.Bd3 Qe7 7.Bd2 d5 8.cxd5 exd5
9.h3 a6 10.O-O h6 11.Rc1 Be6 12.Na4 Ne4 13.Bxb4 Nxb4 14.Bb1 Bf5 {#d} 1/2-1/2

[Event "Olympiad"]
[Site "Skopje (Macedonia)"]
[Round "5"]
[White "Filip Miroslav (CZE)"]
[Black "Hobson Ronald"]
[Result "1-0"]
[WhiteElo "2510"]
[BlackElo "2200"]

1.d4 Nf6 2.c4 c6 3.Nc3 e6 4.e4 Bb4 5.Bd3 d5 6.e5 dxc4 7.Bxc4 Nd5 8.Ne2 Nd7
9.O-O N7b6 10.Bb3 O-O 11.Bc2 Bxc3 12.bxc3 Nc4 13.Qd3 {#r} 1-0

[Event "Ch Malaga"]
[Site "Malaga (Spain)"]
[Date "1981.03.14"]
[Round "7"]
[White "Aguiar Garcia Juan (ESP)"]
[Black "Guzman Jimenez J"]
[Result "1/2-1/2"]
[WhiteElo "2105"]
[BlackElo "2024"]

1.d4 Nf6 2.c4 b6 3.Nc3 Bb7 4.d5 g6 5.e4 d6 6.f4 Bg7 7.Nf3 O-O 8.Be2 e6 9.O-O
exd5 10.exd5 Nbd7 11.Be3 Nc5 12.Qc2 a5 13.Rae1 Re8 14.Bd4 Bc8 15.Bxc5 bxc5
16.Bd3 Bg4 17.Rxe8+ Qxe8 18.Re1 Qd8 19.Ng5 {#d} 1/2-1/2

[Event "It"]
[Site "Camaguey (Cuba)"]
[Round "0"]
[White "Garcia Gonzales Guillermo (CUB)"]
[Black "Andonov Bogomil (BUL)"]
[Result "1/2-1/2"]
[WhiteElo "2510"]
[BlackElo "2475"]

1.d4 Nf6 2.c4 a6 3.Bf4 c5 4.d5 d6 5.Nf3 e5 6.dxe6 fxe6 7.e3 Nc6 8.Nbd2 Be7
9.Be2 O-O 10.h3 Rb8 11.O-O b5 12.b3 Qb6 13.Qc2 Bd7 {#d} 1/2-1/2

[Event "Ch Slovakia"]
[Site "Sala (Slovakia)"]
[Round "12"]
[White "Ac Michal (SVK)"]
[Black "Petrik Stanislav (SVK)"]
[Result "1/2-1/2"]
[WhiteElo "2174"]
[BlackElo "2165"]

1.d4 Nf6 2.c4 b6 3.Nc3 Ba6 4.b3 e6 5.Bb2 d5 6.e3 c6 7.Nf3 Be7 8.Bd3 O-O 9.O-O
Nbd7 10.Qe2 dxc4 11.bxc4 c5 12.Rfd1 {#d} 1/2-1/2

[Event "It (open)"]
[Site "Uzes (France)"]
[Round "0"]
[White "Salus Stephane (FRA)"]
[Black "Chaudouard C"]
[Result "1-0"]
[WhiteElo "2151"]
[BlackElo "1850"]

1.d4 Nf6 2.c4 b6 3.d5 Bb7 4.Nc3 e6 5.a3 a5 6.e4 d6 7.Nf3 Be7 8.Bd3 O-O 9.O-O
Nbd7 10.Rb1 Nc5 11.Bc2 Ba6 12.b4 axb4 13.axb4 Ncd7 14.Bd3 Ng4 15.dxe6 fxe6
16.Nd4 {#r} 1-0

[Event "It (open)"]
[Site "Challes (France)"]
[Round "0"]
[White "Verbaere Philippe (FRA)"]
[Black "Lebel Patrick (MNC)"]
[Result "1/2-1/2"]
[WhiteElo "1993"]
[BlackElo "2061"]

1.d4 Nf6 2.c4 a6 3.Nc3 c5 4.Nf3 g6 5.g3 Bg7 6.Bg2 O-O 7.O-O Nc6 8.h3 cxd4
9.Nxd4 Nxd4 10.Qxd4 d6 11.Rd1 Qa5 12.Qh4 Rb8 13.Be3 Be6 14.Rac1 Qb4 15.b3 Rfe8
16.Bd4 h6 17.Qf4 {#d} 1/2-1/2

[Event "Ch Yugoslavia"]
[Site "Banja Vrucica (Bosnia & Herzegovina)"]
[Round "0"]
[White "Miladinovic Igor (SRB)"]
[Black "Petronic Jovan (SRB)"]
[Result "1/2-1/2"]
[WhiteElo "2560"]
[BlackElo "2397"]

1.d4 Nf6 2.c4 a6 3.Nc3 c5 4.Nf3 cxd4 5.Nxd4 e6 6.Bg5 h6 7.Bh4 b6 8.e4 d6 9.Be2
Be7 10.O-O Bb7 11.f3 Nbd7 12.Bf2 O-O 13.Qd2 Re8 14.Rfd1 Rc8 15.Rac1 {#d}
1/2-1/2

[Event "It (open) \"]
[Site "Bratislava (Slovakia)"]
[Round "8"]
[White "Granec Stefan (SVK)"]
[Black "Djurkovic Maks (SLO)"]
[Result "0-1"]
[WhiteElo "1919"]
[BlackElo "2150"]

1.d4 Nf6 2.c4 Nc6 3.d5 Ne5 4.Qc2 d6 5.f4 Ned7 6.Nc3 a5 7.Nf3 g6 8.e4 Nc5 9.e5
Bf5 10.Qd1 Nfd7 11.Be3 Bg7 12.Bd4 O-O 13.Be2 Bg4 14.Ng5 Bxe2 15.Qxe2 dxe5
16.fxe5 Bxe5 17.Bxe5 Nxe5 18.Qxe5 Nd3+ {#R} 0-1

[Event "It (open) \"]
[Site "Bratislava (Slovakia)"]
[Round "9"]
[White "Hudecek Jan (CZE)"]
[Black "Berezjuk Sergej (CZE)"]
[Result "1/2-1/2"]
[WhiteElo "2238"]
[BlackElo "2378"]

1.d4 Nf6 2.c4 Nc6 3.Nf3 e6 4.g3 Bb4+ 5.Nbd2 d5 6.Bg2 Ne4 7.O-O f5 8.Nxe4 fxe4
9.Bg5 Be7 10.Bxe7 Qxe7 11.Ne5 O-O 12.Rc1 Nxe5 13.dxe5 c6 14.f4 exf3 15.exf3
Bd7 16.f4 Rad8 {#d} 1/2-1/2

[Event "It"]
[Site "Fishbecks (USA)"]
[Round "0"]
[White "Torres Jose Arturo (VEN)"]
[Black "Silman Jeremy D (USA)"]
[Result "1/2-1/2"]
[WhiteElo "2189"]
[BlackElo "2383"]

1.d4 Nf6 2.c4 Nc6 3.d5 Ne5 4.e4 e6 5.f4 Ng6 6.e5 Ne4 7.Bd3 Qh4+ 8.g3 Bb4+
9.Nc3 Nxc3 10.bxc3 Bxc3+ 11.Kf1 Qe7 12.Rb1 O-O {#d} 1/2-1/2

[Event "It (open)"]
[Site "Forli (Italy)"]
[Round "6"]
[White "Vezzosi Paolo (ITA)"]
[Black "Caposciutti Maurizio (ITA)"]
[Result "0-1"]
[WhiteElo "2351"]
[BlackElo "2316"]

1.d4 Nf6 2.c4 a6 3.Nc3 c5 4.d5 b5 5.Qc2 b4 6.Na4 d6 7.a3 a5 8.e4 g6 9.Bd3 Bg7
10.Nf3 O-O 11.O-O e5 12.dxe6 Bxe6 13.e5 Ng4 14.Bg5 Qc7 15.Be4 Nc6 16.Bxc6 Qxc6
17.exd6 Qxd6 18.Rad1 Qc6 19.Be7 b3 {#R} 0-1

[Event "Mecklenburg Landesliga"]
[Site "Germany"]
[Round "6"]
[White "Roehl Rainer (GER)"]
[Black "Apel Stefan (GER)"]
[Result "1/2-1/2"]
[WhiteElo "2169"]
[BlackElo "2342"]

1.d4 Nf6 2.c4 a6 3.g3 c5 4.Nf3 cxd4 5.Nxd4 e6 6.Bg2 Qc7 7.b3 Bb4+ 8.Bd2 Be7
9.O-O O-O 10.Nc3 d6 11.Rc1 Nbd7 12.h3 {#d} 1/2-1/2

[Event "Tournament (b)"]
[Site "Mehlingen (Germany)"]
[Round "0"]
[White "Ludy Klaus (GER)"]
[Black "Nazarenus Olaf (GER)"]
[Result "1-0"]
[WhiteElo "2077"]
[BlackElo "2046"]

1.d4 Nf6 2.c4 b6 3.Nc3 Bb7 4.Bg5 h6 5.Bxf6 gxf6 6.e4 Rg8 7.Nf3 Nc6 8.g3 e6
9.Bg2 Qe7 10.O-O O-O-O 11.a3 h5 12.b4 d5 13.exd5 Ne5 14.Nb5 Nxf3+ 15.Qxf3 a6
{#r} 1-0

[Event "Slovak League 1993/94"]
[Site "Slovakia"]
[Round "5"]
[White "Ac Michal (SVK)"]
[Black "Hujo Jozef (SVK)"]
[Result "1-0"]
[WhiteElo "2174"]
[BlackElo "2057"]

1.d4 Nf6 2.c4 b6 3.Nc3 Bb7 4.d5 e6 5.e4 Bb4 6.Bd3 exd5 7.exd5 Bxc3+ 8.bxc3 O-O
9.Ne2 d6 10.O-O Nbd7 11.Bg5 Ne5 12.f4 Nxd3 13.Qxd3 Re8 14.Ng3 h6 15.Bh4 Qe7
16.Rf3 g6 17.Qd4 Kg7 18.Bxf6+ {#r} 1-0

[Event "Ch Norway (team)"]
[Site "Norway"]
[Round "4"]
[White "Andersen Ole Bo (DEN)"]
[Black "Paulsen Jack Eigil (NOR)"]
[Result "1/2-1/2"]
[WhiteElo "2138"]
[BlackElo "2208"]

1.d4 Nf6 2.c4 Nc6 3.Nf3 e6 4.a3 d5 5.Nbd2 a5 6.b3 g6 7.e3 Bg7 8.cxd5 exd5
9.Bd3 O-O 10.O-O Ne7 11.Ne5 Bf5 12.Bxf5 Nxf5 13.Bb2 Nd7 14.Ndf3 a4 15.Nxd7
Qxd7 16.Rc1 {#d} 1/2-1/2

[Event "Ch Yugoslavia (team) (1 liga)"]
[Site "Yugoslavia"]
[Round "1"]
[White "Ristic Nenad (SRB)"]
[Black "Petronic Jovan (SRB)"]
[Result "0-1"]
[WhiteElo "2425"]
[BlackElo "2397"]

1.d4 Nf6 2.c4 a6 3.Nc3 c5 4.dxc5 e6 5.e4 Qa5 6.Qa4 Qxc5 7.Be3 Qc6 8.f3 d6
9.Rd1 Nbd7 10.Nb5 Rb8 11.Nxd6+ Bxd6 12.Qxc6 Bb4+ 13.Kf2 bxc6 14.a3 Bc5 15.Bxc5
Rxb2+ 16.Ne2 Nxc5 {#R} 0-1

[Event "Ch Bahn (G)"]
[Site "Bernkastel-Kues (Germany)"]
[Round "5"]
[White "Mietner Wolfgang (GER)"]
[Black "Becker Andre (GER)"]
[Result "1/2-1/2"]
[WhiteElo "2172"]
[BlackElo "2194"]

1.d4 Nf6 2.c4 b6 3.Nf3 Bb7 4.Nc3 c5 5.d5 d6 6.e4 g6 7.Bd3 Bg7 8.h3 O-O 9.O-O
Nbd7 10.Bf4 Ne8 {#d} 1/2-1/2

[Event "It \"]
[Site "Bucharest (Romania)"]
[Round "14"]
[White "Popescu Cristian (ROM)"]
[Black "Tomescu Vlad (ROM)"]
[Result "1/2-1/2"]
[WhiteElo "2305"]
[BlackElo "2390"]

1.d4 Nf6 2.c4 Nc6 3.d5 Ne5 4.e4 e6 5.f4 Ng6 6.e5 Ne4 7.Qf3 Bb4+ 8.Kd1 f5 9.Bd3
O-O 10.Bxe4 fxe4 11.Qxe4 {#d} 1/2-1/2

[Event "It (open)"]
[Site "San Francisco (USA)"]
[Round "0"]
[White "Fedorowicz John P (USA)"]
[Black "Watson John L (USA)"]
[Result "1-0"]
[WhiteElo "2510"]
[BlackElo "2400"]

1.d4 Nf6 2.c4 a6 3.f3 c5 4.d5 d6 5.e4 g6 6.a4 Bg7 7.Ne2 O-O 8.Nbc3 e6 9.Bg5 h6
10.Bh4 exd5 11.cxd5 Nbd7 12.Nc1 Qa5 13.Ra3 Nh5 14.Be2 g5 15.Bf2 Nf4 16.O-O Ne5
17.Nb3 Qb4 18.a5 {#r} 1-0

[Event "It (open)"]
[Site "Zalakaros (Hungary)"]
[Round "7"]
[White "Horvath Jozsef_ (HUN)"]
[Black "Varga Peter (HUN)"]
[Result "1/2-1/2"]
[WhiteElo "2510"]
[BlackElo "2415"]

1.c4 Nf6 2.d4 c6 3.Bf4 d5 4.e3 e6 5.Nc3 Qa5 6.a3 Ne4 7.Qb3 Nd7 8.cxd5 exd5
9.Ne2 Be7 10.f3 Nef6 11.Ng3 Nf8 12.e4 dxe4 13.fxe4 Ne6 14.Be3 Ng4 15.Bg1 g6
16.Bc4 {#d} 1/2-1/2

[Event "It (open)"]
[Site "Balatonbereny (Hungary)"]
[Round "4"]
[White "Kiss Attila (HUN)"]
[Black "Horvath Gyula (HUN)"]
[Result "1/2-1/2"]
[WhiteElo "2435"]
[BlackElo "2450"]

1.d4 Nf6 2.c4 a6 3.g3 c5 4.Nf3 cxd4 5.Nxd4 d5 6.Bg2 e5 7.Nb3 d4 8.O-O Nc6 9.e3
Bg4 10.Bxc6+ bxc6 11.f3 Be6 12.exd4 exd4 13.Qxd4 Qxd4+ 14.Nxd4 Bxc4 15.Re1+
Kd7 16.Nc3 Nd5 17.Nxd5 Bxd5 {#d} 1/2-1/2

[Event "Bundesliga (2nd) East 1995/96"]
[Site "Germany"]
[Round "0"]
[White "Machelett Heiko (GER)"]
[Black "Kersten Uwe (GER)"]
[Result "1/2-1/2"]
[WhiteElo "2330"]
[BlackElo "2320"]

1.d4 Nf6 2.c4 a6 3.Nf3 c5 4.d5 b5 5.a4 b4 6.Nbd2 g6 7.e4 d6 8.Bd3 Bg7 9.O-O
O-O 10.Re1 e5 11.dxe6 Bxe6 12.Nf1 Nc6 13.h3 Nd7 14.Ne3 Nde5 15.Nd5 Nxf3+
16.Qxf3 Nd4 17.Qd1 Rb8 18.Bd2 b3 19.Rb1 {#d} 1/2-1/2

[Event "Ch Yugoslavia (1/2 final) (open)"]
[Site "Niska Banja (Yugoslavia)"]
[Round "6"]
[White "Antic Dejan (SRB)"]
[Black "Petronic Jovan (SRB)"]
[Result "1/2-1/2"]
[WhiteElo "2435"]
[BlackElo "2440"]

1.d4 Nf6 2.c4 a6 3.Nf3 b5 4.e3 bxc4 5.Bxc4 e6 6.Nc3 d5 7.Be2 c5 8.O-O Nbd7
9.b3 cxd4 10.exd4 Bd6 11.Bb2 {#d} 1/2-1/2

[Event "Ch Hessen (MVT)"]
[Site "Bergen-Enkheim (Germany)"]
[Round "4"]
[White "Blum Ralf (GER)"]
[Black "Petri Klaus (GER)"]
[Result "1/2-1/2"]
[WhiteElo "2097"]
[BlackElo "2326"]

1.d4 Nf6 2.c4 Nc6 3.Nc3 e5 4.d5 Ne7 5.Bg5 Ng6 6.Nf3 Be7 7.e4 d6 8.Be2 O-O
9.Be3 Ng4 10.Bd2 f5 11.h3 Nf6 12.Bd3 fxe4 13.Nxe4 Nxe4 14.Bxe4 Bf5 15.Qc2 Bxe4
16.Qxe4 Nh4 17.Nxh4 Bxh4 18.O-O Bg5 19.f4 {#d} 1/2-1/2

[Event "It \"]
[Site "Budapest (Hungary)"]
[Round "8"]
[White "Szabo Zsolt (HUN)"]
[Black "Szieberth Adam (HUN)"]
[Result "1/2-1/2"]
[WhiteElo "2325"]
[BlackElo "2395"]

1.d4 Nf6 2.c4 Nc6 3.Nf3 e6 4.Nc3 Bb4 5.Bd2 O-O 6.e3 Bxc3 7.Bxc3 Ne4 8.Qc2 Nxc3
9.Qxc3 d6 10.b4 e5 11.dxe5 Nxe5 12.Nxe5 Qf6 13.Be2 a5 14.a3 Qxe5 15.Qxe5 dxe5
16.Kd2 {#d} 1/2-1/2

[Event "Ch Hungary (team) 1998/99 (2 liga)"]
[Site "Hungary"]
[Round "0"]
[White "Pacsay Laszlo (HUN)"]
[Black "Schrancz Istvan (HUN)"]
[Result "1/2-1/2"]
[WhiteElo "2204"]
[BlackElo "2270"]

1.d4 Nf6 2.c4 Nc6 3.d5 Ne5 4.e4 e6 5.Nc3 Bb4 6.Bd2 Qe7 7.Qe2 exd5 8.cxd5 O-O
9.O-O-O d6 10.f3 c6 11.g4 Bxc3 12.Bxc3 cxd5 13.exd5 Re8 {#d} 1/2-1/2

[Event "It"]
[Site "Norderstedt (Germany)"]
[Date "1998.10.10"]
[Round "2"]
[White "Bekker-Jensen Simon (DEN)"]
[Black "Velicka Petr (CZE)"]
[Result "1/2-1/2"]
[WhiteElo "2260"]
[BlackElo "2465"]

1.d4 Nf6 2.c4 Nc6 3.Nf3 e6 4.a3 d5 5.Nc3 g6 6.Bf4 a6 7.e3 Bg7 8.Bd3 O-O 9.cxd5
Nxd5 10.Bg5 Nxc3 11.bxc3 Qd6 12.O-O {#d} 1/2-1/2

[Event "It (open)"]
[Site "Espoo (Finland)"]
[Round "3"]
[White "Nyback Tomi (FIN)"]
[Black "Pitkanen Sami-Pekka (FIN)"]
[Result "0-1"]
[WhiteElo "2095"]
[BlackElo "2191"]

1.d4 Nf6 2.c4 Nc6 3.Nf3 e6 4.Bg5 h6 5.Bh4 Bb4+ 6.Nbd2 g5 7.Bg3 g4 8.d5 gxf3
9.dxc6 Ne4 10.Bf4 Qf6 11.Qb3 Bxd2+ 12.Bxd2 fxg2 13.cxd7+ Bxd7 14.Qxb7 Qxf2+
15.Kd1 gxf1=Q+ 16.Rxf1 Qxf1+ 17.Kc2 Qxe2 18.Qxa8+ Ke7 19.Qxh8 Qxd2+ {#R} 0-1

[Event "It (cat.3)"]
[Site "Hafnarfjordur (Iceland)"]
[Round "5"]
[White "Bjarnason Saevar (ISL)"]
[Black "Bosboom Manuel (NED)"]
[Result "0-1"]
[WhiteElo "2309"]
[BlackElo "2476"]

1.d4 Nf6 2.c4 a6 3.Nc3 c5 4.Nf3 cxd4 5.Nxd4 d5 6.cxd5 Nxd5 7.Qb3 Nxc3 8.Qxc3
e5 9.Nf3 Nc6 10.a3 Be6 11.Nxe5 Rc8 12.Nxc6 Rxc6 13.Qg3 Rc2 14.e4 Qa5+ 15.b4
Bxb4+ 16.Kd1 {#R} 0-1

[Event "Cup Infotozsde"]
[Site "Heves (Hungary)"]
[Date "1999.12.04"]
[Round "9"]
[White "Kovacs Tamas (HUN)"]
[Black "Varadi Viktor (HUN)"]
[Result "1/2-1/2"]
[WhiteElo "2161"]
[BlackElo "2231"]

1.d4 Nf6 2.c4 Nc6 3.d5 Ne5 4.e4 e6 5.Nc3 Bb4 6.Qd4 d6 7.h3 O-O 8.Be2 Bc5 9.Qd2
exd5 10.cxd5 c6 11.Nf3 {#d} 1/2-1/2

[Event "It (open) \"]
[Site "Budapest (Hungary)"]
[Round "1"]
[White "Frank Jozsef (HUN)"]
[Black "Kerek Krisztian (HUN)"]
[Result "0-1"]
[WhiteElo "2081"]
[BlackElo "2353"]

1.d4 Nf6 2.c4 a6 3.g3 c5 4.Bg2 cxd4 5.Qxd4 Nc6 6.Bxc6 bxc6 7.Nc3 d6 8.Nf3 g6
9.c5 Bg7 10.cxd6 exd6 11.Bf4 O-O 12.Bxd6 Re8 13.Be5 Bg4 14.O-O-O Qxd4 15.Nxd4
Rxe5 {#R} 0-1

[Event "It (open)"]
[Site "Frohnleiten (Austria)"]
[Round "0"]
[White "Schriebl Alexander (AUT)"]
[Black "Schmidt Jade (GER)"]
[Result "0-1"]
[WhiteElo "2035"]
[BlackElo "2098"]

1.d4 Nf6 2.c4 b6 3.Nc3 Bb7 4.d5 g6 5.e4 d6 6.Bg5 Bg7 7.Qd2 Na6 8.Nge2 Nc5
9.Ng3 h5 10.h4 Bc8 11.Be2 Ng4 12.f3 Ne5 13.Be3 Kf8 14.f4 Ng4 15.Bxg4 Bxg4
16.f5 Be5 17.Bf4 {#R} 0-1

[Event "It (open)"]
[Site "Gyongyos (Hungary)"]
[Round "0"]
[White "Blasko Istvan (HUN)"]
[Black "Eberth Zoltan (HUN)"]
[Result "1-0"]
[WhiteElo "2383"]
[BlackElo "2176"]

1.d4 Nf6 2.c4 a6 3.Nc3 c5 4.dxc5 e6 5.e4 Qc7 6.b4 a5 7.Nb5 Qe5 8.Be3 Na6 9.Nf3
Qxe4 10.Bd3 Qg4 11.h3 Qh5 12.Rh2 axb4 13.g4 Nxg4 14.hxg4 Qxg4 15.Bxh7 Bxc5
16.Bxc5 Rxh7 17.Nd6+ Kf8 18.Rxh7 Nxc5 19.Rh8+ Ke7 {#r} 1-0

[Event "It (open)"]
[Site "Le Touquet (France)"]
[Round "4"]
[White "Clery Nicolas (FRA)"]
[Black "Potaux Olivier (FRA)"]
[Result "1-0"]
[WhiteElo "2241"]
[BlackElo "1915"]

1.d4 Nf6 2.c4 b6 3.Nc3 Bb7 4.f3 d5 5.cxd5 Nxd5 6.e4 Nxc3 7.bxc3 e6 8.Bc4 Be7
9.Ne2 O-O 10.O-O a5 11.Be3 Ba6 12.Bxa6 Nxa6 13.Qd2 c5 14.Rfd1 cxd4 15.cxd4 Qd6
16.Rac1 Rac8 {#r} 1-0

[Event "It (open)"]
[Site "Ljubljana (Slovenia)"]
[Round "4"]
[White "Ivanusa Blaz (SRB)"]
[Black "Semrl Marjan (SLO)"]
[Result "1/2-1/2"]
[WhiteElo "2089"]
[BlackElo "2182"]

1.d4 Nf6 2.c4 Nc6 3.Nf3 e6 4.Bg5 Bb4+ 5.Nc3 h6 6.Bd2 O-O 7.a3 Bxc3 8.Bxc3 Ne4
9.Qc2 Nxc3 10.Qxc3 d6 11.g3 Qf6 12.Rd1 Re8 13.Bg2 e5 14.d5 Ne7 15.O-O Bg4
16.e4 b6 17.b4 Qg6 18.Nh4 Qf6 {#d} 1/2-1/2

[Event "It (cat.10)"]
[Site "Niksic (Yugoslavia)"]
[Round "0"]
[White "Nikcevic Nebojsa (MNE)"]
[Black "Nevednichy Vladislav (ROM)"]
[Result "1/2-1/2"]
[WhiteElo "2473"]
[BlackElo "2582"]

1.d4 Nf6 2.c4 Nc6 3.Nf3 e6 4.Nc3 Bb4 5.Bg5 h6 6.Bh4 g5 7.Bg3 Ne4 8.Qc2 Nxg3
9.hxg3 g4 10.d5 gxf3 11.dxc6 bxc6 12.gxf3 Qf6 13.f4 Rb8 14.e3 {#d} 1/2-1/2

[Event "It (open)"]
[Site "Saint Paul (USA)"]
[Round "9"]
[White "Anderson Selby K (USA)"]
[Black "Valvo Michael J (USA)"]
[Result "0-1"]
[WhiteElo "2210"]
[BlackElo "2368"]

1.d4 Nf6 2.c4 a6 3.Nc3 c5 4.Nf3 cxd4 5.Nxd4 d5 6.Nf3 dxc4 7.Qxd8+ Kxd8 8.e4 b5
9.e5 Nfd7 10.a4 b4 11.Nd5 Bb7 12.Bxc4 e6 13.Bg5+ Kc8 14.Rc1 exd5 15.Bxd5+ Nc5
16.Bxf7 Bxf3 17.gxf3 Nc6 18.Bd5 Kc7 19.Be3 Rd8 {#R} 0-1

[Event "It (open) (b)"]
[Site "Schwarzach (Austria)"]
[Round "4"]
[White "Feichtenschlager Josef (AUT)"]
[Black "Huber David (AUT)"]
[Result "1/2-1/2"]
[WhiteElo "1930"]
[BlackElo "2128"]

1.d4 Nf6 2.c4 Nc6 3.Nc3 e5 4.d5 Ne7 5.e4 Ng6 6.a3 Bc5 7.h3 O-O 8.Nf3 a6 9.b4
Ba7 10.d6 cxd6 11.Qxd6 Ne8 12.Qd3 Nc7 13.Be3 Bxe3 14.Qxe3 {#d} 1/2-1/2

[Event "It (open)"]
[Site "Olomouc (Czech Republic)"]
[Round "1"]
[White "Vlk Miroslav (CZE)"]
[Black "Cvek Robert (CZE)"]
[Result "0-1"]
[WhiteElo "2160"]
[BlackElo "2418"]

1.d4 Nf6 2.c4 Nc6 3.Nc3 e5 4.d5 Ne7 5.e4 Ng6 6.Bd3 Bc5 7.Nf3 O-O 8.O-O a6 9.a3
d6 10.Qe2 Nh5 11.Bg5 f6 12.Be3 Nhf4 13.Qd2 Bg4 14.Ne1 Bxe3 15.Qxe3 f5 16.f3
fxe4 17.Bxe4 Bf5 18.Nd3 Qg5 {#R} 0-1

[Event "Ch Asturia (team) (gr. A)"]
[Site "Asturias (Spain)"]
[Date "2001.01.27"]
[Round "11"]
[White "Alvarez Solis Jesus Manuel (ESP)"]
[Black "Bombin Pinera Dionisio (ESP)"]
[Result "1/2-1/2"]
[WhiteElo "2068"]
[BlackElo "2110"]

1.d4 Nf6 2.c4 b6 3.Nc3 Bb7 4.d5 g6 5.e4 Bg7 6.Bg5 O-O 7.Qd2 d6 8.Be2 Nbd7 9.f4
a5 10.Nf3 Nc5 {#d} 1/2-1/2

[Event "Ch City"]
[Site "Morbihan (France)"]
[Date "2001.11.24"]
[Round "2"]
[White "Le Garrec Christophe"]
[Black "Tonal Jean-Jacques (FRA)"]
[Result "0-1"]
[WhiteElo "1470"]
[BlackElo "1554"]

1.d4 Nf6 2.c4 b6 3.Bf4 e6 4.a3 Bb7 5.Nc3 Be7 6.e3 d6 7.Bd3 Bxg2 8.f3 Bxh1 9.h3
Nbd7 10.Qc2 Nh5 11.Bh2 Bh4+ 12.Kd2 Qg5 13.Bf1 Bf2 14.Ne4 Qxe3+ {#R} 0-1

[Event "It (open)"]
[Site "Cullera (Spain)"]
[Round "4"]
[White "Amura Claudia N (ARG)"]
[Black "Montilla Carrillo Esteban (ESP)"]
[Result "1/2-1/2"]
[WhiteElo "2363"]
[BlackElo "2296"]

1.d4 Nf6 2.c4 Nc6 3.Nf3 e6 4.g3 Bb4+ 5.Bd2 Bxd2+ 6.Nbxd2 d6 7.Bg2 O-O 8.O-O e5
9.dxe5 dxe5 10.Nb3 Qe7 11.Qc2 a5 12.Nh4 a4 13.Nc1 e4 14.Bh1 Bh3 {#d} 1/2-1/2

[Event "Tournament"]
[Site "Helsinki (Finland)"]
[Round "5"]
[White "Vesalainen Petteri (FIN)"]
[Black "Paronen Petteri (FIN)"]
[Result "1/2-1/2"]
[WhiteElo "2191"]
[BlackElo "2168"]

1.d4 Nf6 2.c4 Nc6 3.Nf3 e6 4.Bg5 h6 5.Bh4 Bb4+ 6.Nc3 g5 7.Bg3 Ne4 8.Qc2 Nxg3
9.hxg3 g4 10.Ne5 Nxe5 11.dxe5 Qg5 12.a3 Bxc3+ 13.Qxc3 b6 14.e3 Bb7 15.c5 Bc6
16.Rh4 f5 {#d} 1/2-1/2

[Event "It (open)"]
[Site "Southend (England)"]
[Date "2002.03.30"]
[Round "4"]
[White "Kennedy Craig (ENG)"]
[Black "Piper Stephen J"]
[Result "1/2-1/2"]
[WhiteElo "2055"]
[BlackElo "1904"]

1.d4 Nf6 2.c4 b6 3.Nc3 Bb7 4.Qc2 e6 5.e4 d6 6.Bd3 h6 7.f4 Nc6 8.Nf3 Nd7 9.O-O
Nb4 10.Qe2 Nxd3 11.Qxd3 Be7 {#d} 1/2-1/2

[Event "Cup World IPCA"]
[Site "Hrabyne"]
[Round "3"]
[White "Strakos Jiri (CZE)"]
[Black "Pastorek Alfons (CZE)"]
[Result "1/2-1/2"]
[WhiteElo "2022"]
[BlackElo "2068"]

1.d4 Nf6 2.c4 b6 3.Nc3 Bb7 4.f3 e6 5.e4 d5 6.cxd5 exd5 7.e5 Nfd7 8.f4 Be7
9.Nf3 c6 10.Be3 Ba6 11.Bd3 Qc8 12.O-O Bxd3 13.Qxd3 Na6 14.a3 Nc7 15.f5 Qa6
16.Qxa6 Nxa6 17.b4 Nc7 18.Rfd1 O-O {#d} 1/2-1/2

[Event "It (open)"]
[Site "Leuven (Belgium)"]
[Round "9"]
[White "Mattheys Eddy (BEL)"]
[Black "Vanparys Philip (BEL)"]
[Result "0-1"]
[WhiteElo "1994"]
[BlackElo "2207"]

1.d4 Nf6 2.c4 b6 3.Nc3 Bb7 4.e3 e6 5.Nf3 Be7 6.Be2 O-O 7.O-O d5 8.cxd5 exd5
9.b3 Nbd7 10.Bb2 a6 11.Rc1 Bd6 12.h3 Qe7 13.Nd2 Rfe8 14.Bd3 Ne4 15.a4 f5
16.Re1 Qh4 17.Nf3 Qxf2+ {#R} 0-1

[Event "Tournament \"]
[Site "Internet"]
[Date "2003.11.08"]
[Round "14"]
[White "Volkov Sergey Viktorovich (RUS)"]
[Black "Vlassov Nikolai (RUS)"]
[Result "1/2-1/2"]
[WhiteElo "2628"]
[BlackElo "2492"]

1.d4 Nf6 2.c4 Nc6 3.Nf3 e6 4.a3 d5 5.e3 g6 6.Nc3 Bg7 7.b4 O-O 8.Bb2 Ne7 9.c5
Ne4 10.Nxe4 dxe4 11.Nd2 f5 {#d} 1/2-1/2